000 01032cam a2200301 4500
008 090401t1996 xxu||||| |||| 00| 0 eng d
020 _a0704911701
035 _a(Sirsi) u61059
041 _aeng
050 _a692.8
100 _aBennett, John
245 _aDesigning and building a world-class industry.
260 _aReading
_bUniversity of Reading
_c1996
300 _aiv,91p. : ill. ; 30cm.
350 _a49.95
520 _aAnalysis of research undertaken to assess the performance of design and build procurement techniques, highlighting the need for future improvement.
650 _aBUILT ENVIRONMENT-CONSTRUCTION DESIGN
650 _aBUILDING INDUSTRY
650 _aDESIGN AND BUILD
650 _aProcurement-old
690 _aBUILT ENVIRONMENT
700 _aPothecary, Ellen
700 _aRobinson, Graham
710 _aUniversity of Reading
_bCentre for Strategic Studies in Construction
_986
710 _aUniversity of Reading Design and Build Forum
_92655
942 _n0
948 _c04/03/1997
999 _c94288
_d94288